00703nam a2200205 a 450000100060000000300090000600800410001502000150005604000280007108200160009910000330011511000360014824500830018426000360026730000150030349000550031865000420037365000420041565000400045712617CO-ViMGA141112s2004 ck r 000 u spa d a9589177018 aCO-ViMGAbspacCO-ViMGA04a025.1 M178m1 aMartínez, Cáceres Lucila aInstituto Colombiano de Cultura10aMarketing cultural y biblioteca pública : bEstrategias de Gerencia Creativa aBogotá : bColcultura, c1991 a71p. : il. aBiblioteca Nacional de Colombia Manuales y Guias 314aBIBLIOTECAS PUBLICAS - ADMINISTRACION14aPROMOCION DE SERVICIOS DE INFORMACION14aSERVICIOS DE INFORMACION - MERCADEO